Medical Dictionary: (Record no. 34731)

MARC details
000 -LEADER
fixed length control field 00519nam a22001697a 4500
005 - DATE AND TIME OF LATEST TRANSACTION
control field 20231127152333.0
008 - FIXED-LENGTH DATA ELEMENTS--GENERAL INFORMATION
fixed length control field 231127b |||||||| |||| 00| 0 eng d
020 ## - INTERNATIONAL STANDARD BOOK NUMBER
ISBN 969860307-7
082 ## - DEWEY DECIMAL CLASSIFICATION NUMBER
Classification number 610.3
Item number SHE-M
100 ## - MAIN ENTRY--AUTHOR
Author Name Sher Shah Syed
245 ## - TITLE STATEMENT
Title Medical Dictionary:
Remainder of title For doctors, Nurses,Midwives, paramedics and Medical Students
Statement of responsibility, etc. Dr.Sher Shah Syed
260 ## - PUBLICATION, DISTRIBUTION, ETC.
Place of Publication Pakistan
Name of publisher, distributor, etc. National Forum In women health
Date of publication, distribution, etc. 2011
300 ## - PHYSICAL DESCRIPTION
Pages 358
500 ## - GENERAL NOTE
General note Illustrated Dictionary
650 ## - SUBJECT ADDED ENTRY--TOPICAL TERM
Subject / Department Medical/ Reference
952 ## - LOCATION AND ITEM INFORMATION (KOHA)
-- 0
-- 0
Holdings
Lost status Damaged status Collection code Permanent Location Current Location Shelving Location Date acquired Full Call Number Accession No./Barcode Date last seen item type Koha item type
    Medical Superior Information Resource Center (SIRC) Superior University- Main Campus Superior Information Resource Center (SIRC) Superior University- Main Campus Medical/Reference 11/27/2023 610.3 SHE-M 2011 20475 11/27/2023 BOOK BOOK

Powered by Koha